[Event "FIDE-Wch k.o."]
[Site "Groningen"]
[Date "1997.12.22"]
[Round "5.4"]
[White "Adams, Michael"]
[Black "Van Wely, Loek"]
[Result "1-0"]
[WhiteElo "2680"]
[BlackElo "2655"]
[Annotator "Avrukh,B"]
[PlyCount "82"]
[EventDate "1997.12.09"]
[EventType "k.o."]
[EventRounds "7"]
[EventCountry "NED"]
[SourceTitle "CBM 063"]
[Source "ChessBase"]
[SourceDate "1998.03.26"]
[SourceVersion "1"]
[SourceVersionDate "1998.03.26"]
[SourceQuality "1"]

1. d4 d5 2. Bg5 f6 3. Bh4 Nc6 4. e3 Nh6 (4... e5 5. Bb5 {[%cal Gd4e5]} exd4 6.
exd4 Nge7 (6... a6 7. Bd3 $6 Nxd4 8. Nc3 Ne7 9. Nge2 Ne6 (9... Ndf5 $1 10. Bg3
c6 $15 {[%cal Ge7g6]}) 10. O-O c6 11. Re1 Qb6 12. Bg3 Kf7 13. Na4 Qa5 14. c4
$36 {Miladinovic-Shabalov/Moscow ol 1994/1-0 (46)}) 7. Nf3 a6 8. Ba4 b5 9. Bb3
Bg4 10. c3 Nf5 11. Bg3 Nxg3 (11... Qe7+ $6 12. Qe2 (12. Kd2 $6 Nxg3 13. hxg3
Qd7 $15) 12... Qxe2+ 13. Kxe2 Nxg3+ 14. hxg3 $14 {[%csl Rh7][%cal Gb3c2]}) 12.
hxg3 Qd7 13. Nbd2 Be7 14. Nf1 $1 O-O 15. Ne3 Be6 16. Qd3 g6 17. O-O-O $14 {
[%csl Rg6,Rh7][%cal Gh1h6,Gh1h2] 1/2-1/2 Benjamin,J-Chessmaster 4000 Turbo/
Fifth Harvard Cup G/25 1994 (46)}) 5. Bd3 (5. c4 Nf5 (5... e6 6. f3 {[%cal
Gh4f2]} Ne7 (6... Nf5 $5 7. Bf2 Bb4+ 8. Nc3 O-O $13) 7. e4 c6 8. Nc3 Nf7 9. Bf2
g6 10. Bd3 Bg7 11. Nge2 $14 {Pedersen,J-Rewitz,P/Aarhus-ch 1995/1-0 (69)}) 6.
cxd5 Qxd5 (6... Ncxd4 $2 7. exd4 Nxh4 8. Qh5+ Ng6 9. Bd3 $16) 7. Nc3 Qf7 8. Bg3
Nxg3 9. hxg3 e5 10. d5 Nb8 11. Rc1 a6 12. Bd3 g6 13. Qc2 f5 14. g4 $1 $32 Bd6
15. gxf5 Bxf5 (15... gxf5 16. g4 $1 $40) 16. Nf3 $14 {[%csl Ge4] Vehi Bach,
V-Alberdi,J/San Sebastian op 1995/1-0 (40)}) 5... Nf5 6. Nf3 h5 $6 ({Deserved
attention} 6... Nb4 $5 7. Bf1 $5 {[%csl Gd1][%cal Ra2a3,Gd1h5]} (7. Be2 e5 $1 {
[%csl Rh4][%cal Re5e4]} 8. Bg3 $8 (8. dxe5 $6 Nxh4 9. Nxh4 fxe5 10. Nf3 (10.
Bb5+ c6 11. Qh5+ g6 12. Nxg6 (12. Qxe5+ Qe7 13. Qxh8 Nxc2+ $19) 12... hxg6 13.
Qxg6+ Kd7 $19) 10... Bf5 11. Na3 Nc6 $17) 8... Nxg3 9. hxg3 Bf5 10. Na3 Nc6 $15
) (7. e4 Nxd3+ 8. cxd3 Nxh4 9. Nxh4 g6 10. Nc3 e6 11. O-O Bg7 $15 12. exd5 $6
exd5 13. Re1+ Kf7 14. f4 c6 $17 {[%csl Rd4]}) 7... e5 8. dxe5 Nxh4 9. Nxh4 fxe5
10. Qh5+ Kd7 11. Na3 Qe8 $13 {with unclear position.}) 7. Bg3 Nb4 (7... g5 $5
8. h3 (8. c4 dxc4 9. Bxc4 h4 10. Qb3 e6 $17) (8. h4 g4 9. Nfd2 Bh6 10. Nf1 e5
$15) 8... Nb4 9. Bh2 Nxd3+ 10. Qxd3 e6 11. e4 $14) 8. e4 dxe4 9. Bxe4 g5 10. c3
Nd5 11. h3 $14 {[%csl Re8]} Nxg3 12. Bg6+ Kd7 13. fxg3 c6 14. c4 Nb6 15. Qe2
Qc7 16. Qf2 (16. O-O $6 g4 $132) 16... Nxc4 17. Nc3 Qb6 18. O-O-O Kc7 (18... e6
19. Rhe1 {[%cal Rf2e2]} Kc7 20. Bf7 $44 g4 21. Nh4 Bh6+ 22. Kb1 Bg5 23. Bxe6
Bxe6 24. Rxe6 Rad8 25. Nf5 $14 {[%cal Gh3h4]}) 19. Qe2 Nd6 20. Kb1 a5 (20...
Rh6 $5 21. Bc2 (21. Qc2 Nc4 {[%cal Rb6b2,Rc4a3]}) 21... Bd7 22. d5 Rd8 $15) 21.
d5 a4 (21... c5 $2 22. Na4 Qb4 23. Nxc5 $16 {[%cal Gd1c1]}) 22. dxc6 bxc6 23.
Qc2 Qa5 24. Nd4 $1 $44 {Centrelized posiiton of the pieces and huge advantage
in development make white's chanses much better in forthcoming struggle.} Bd7
25. Ne4 {[%cal Ge4c5,Gc5e6]} e5 26. Ne2 Nxe4 27. Bxe4 Qc5 28. Nc3 Be7 29. Rc1
$1 (29. Bf5 Rhd8 30. Bxd7 Rxd7 31. Rxd7+ Kxd7 32. Qf5+ Kc7 33. Rc1 a3 $1 $15)
29... Ra5 (29... Rhd8 30. Qe2 Kb8 31. Nd5 Qd6 32. Nb6 $16) 30. Rhd1 Rd8 31. Qe2
Be8 32. Rxd8 Kxd8 33. a3 (33. Nxa4 $5 Qb4 34. Nc3 $14) 33... Bd6 34. Qf3 Ke7
35. Qf5 $6 {Missing faster way to finish the game.} (35. Rf1 $1 $18 {[%cal
Rf3f6]}) 35... Qc4 (35... Qb6 36. Rf1 Bxa3 37. Qxf6+ Kd7 38. Rf2 $16 {[%cal
Gf2d2]}) 36. Nd5+ cxd5 37. Rxc4 dxc4 38. Qh7+ Kd8 39. Qg8 $18 {[%cal Re4c6]}
Ke7 40. Qxc4 Rc5 41. Qg8 Bf7 (41... Bf7 42. Qh7 Kf8 43. Bg6 $18) 1-0

[Event "FIDE-Wch k.o."]
[Site "Groningen"]
[Date "1997.12.16"]
[Round "3.6"]
[White "Gelfand, Boris"]
[Black "Lautier, Joel"]
[Result "1-0"]
[WhiteElo "2695"]
[BlackElo "2660"]
[Annotator "Avrukh,B"]
[PlyCount "91"]
[EventDate "1997.12.09"]
[EventType "k.o."]
[EventRounds "7"]
[EventCountry "NED"]
[SourceTitle "CBM 063"]
[Source "ChessBase"]
[SourceDate "1998.03.26"]
[SourceVersion "1"]
[SourceVersionDate "1998.03.26"]
[SourceQuality "1"]

1. d4 {Oratovsky M,Finkel,A} d5 2. Nf3 c6 3. Bg5 h6 4. Bh4 Qb6 5. b3 Nd7 $5 (
5... Bf5 6. e3 e6 (6... Nd7 7. Bd3 Bxd3 8. Qxd3 e6 9. O-O Be7 10. Bxe7 Nxe7 11.
c4 O-O 12. Nc3 Rad8 $11 {Ganter,T-Birk,S/OLWuert 1995 (49)}) 7. Be2 Bb4+ $6 8.
Nfd2 Nd7 9. Bg3 Ngf6 10. O-O Be7 11. c4 $14 {Vezzosi,P-Zichichi,A/Chianciano
ITA ch 1988 (21)}) (5... a5 6. e3 a4 7. Nbd2 Bf5 8. c3 Nd7 9. Be2 Ngf6 10. O-O
e6 11. Ne5 $1 Ba3 $2 (11... Nxe5 12. dxe5 Nd7 13. e4 $5 $36) (11... Bd6 $5 12.
Bg3 {[%csl Rd6]} Be7 $13) 12. Nec4 $1 dxc4 13. Nxc4 Qa7 14. Nxa3 $16 {
Nalbandian,T-Volkov,S/URS-chJ Alma-Ata 1991/1-0 (47)}) 6. e3 e5 7. Be2 (7. dxe5
$6 Nxe5 8. Nxe5 Qb4+ 9. Nd2 Qxh4 $15) 7... e4 8. Nfd2 c5 $2 {Quiet rare
mistake for a player of such level.Afer the move in the game black simply
can't defend the pawn on d5.} (8... Ne7 $5 {[%cal Ge7f5]} 9. Bg4 $5 (9. g4 g5
10. Bg3 Bg7 $15 {[%cal Gf7f5]}) (9. c4 Nf5 10. Bg3 Nxg3 11. hxg3 Nf6 $15) 9...
Ng6 (9... g5 10. Bg3 Bg7 11. h4 $1 $36) (9... f5 $2 10. Bxf5 $18 {[%cal Rd1h5]}
) 10. Bg3 Nf6 11. Bxc8 Rxc8 12. c4 Be7 13. Nc3 O-O $11) 9. dxc5 Nxc5 10. Nc3 $1
$32 {[%csl Rd5]} g5 $6 (10... Be6 11. Bb5+ Nd7 12. O-O {[%csl Rd5,Re4,Re8]} (
12. Bxd7+ Kxd7 13. Ne2 (13. Ndxe4 Kc6 $1 $13 {[%cal Gb6b4]}) (13. Ncxe4 $2 Ke8
$1 14. Nc3 Qb4 $1 $19 {[%cal Rb4c3,Rb4h4]}) 13... Bd6 14. c4 $40) 12... Qc5 $8
13. Bxd7+ Bxd7 14. Ne2 $36 {[%cal Gc2c4]}) (10... Qe6 11. Nc4 $1 $18 {[%csl
Rd5]}) 11. Nxd5 Qd8 12. Bb5+ Bd7 13. Bg3 $1 $16 {[%cal Gd5c7]} Rc8 14. Bxd7+
Qxd7 15. Be5 Rh7 16. Nf6+ Nxf6 17. Bxf6 Rc6 18. Bb2 {The game is actually
decided in white's favour:he is a pawn up and black has no compensation for it.
} Rd6 19. Bd4 Qf5 (19... Qc6 20. Qg4 $18 {[%csl Re4]}) 20. Qe2 Ne6 21. c3 Rd7
22. f3 $2 (22. Bxa7 $5 Qa5 23. Bd4 Nxd4 24. cxd4 Bb4 25. Kd1 {[%cal Gd2c4]} b5
26. h4 $18) 22... exf3 23. Qxf3 Qb5 24. Qe2 Qc6 25. O-O Bd6 26. Nc4 Bb8 27. Qc2
$1 $18 {[%csl Rh7]} Nf8 28. Rf6 Qc8 29. Raf1 b5 30. Nd2 Qc7 31. Qe4+ $1 {
Forcing easily wining endgame.} Re7 32. Qc6+ Qxc6 33. Rxc6 Kd7 34. Ra6 Kc8 35.
Rf5 Kb7 (35... Rb7 36. Ne4 Ne6 37. Rxe6 $5 fxe6 38. Rf8+ Kc7 39. Be5+ $18) 36.
Raf6 {Wining another pawn.} Ne6 37. Rxb5+ Kc8 38. Nc4 h5 39. Be5 Bxe5 40. Nxe5
a6 41. Rd5 h4 42. h3 Nc7 43. Rc5 Kb7 44. Nc4 Ne6 45. Rcf5 Rd7 46. Rxf7 {
[%cal Gf5f7,Gc4d6]} 1-0

[Event "Mermaid Beach Club"]
[Site "Bermuda"]
[Date "1999.01.29"]
[Round "9"]
[White "Gretarsson, Helgi Ass"]
[Black "Ashley, Maurice"]
[Result "1-0"]
[WhiteElo "2459"]
[BlackElo "2473"]
[Annotator "Avrukh,B"]
[PlyCount "83"]
[EventDate "1999.01.21"]
[EventType "tourn"]
[EventRounds "13"]
[EventCountry "BER"]
[EventCategory "9"]
[SourceTitle "CBM 069"]
[Source "ChessBase"]
[SourceDate "1999.04.01"]
[SourceVersion "1"]
[SourceVersionDate "1999.04.01"]
[SourceQuality "1"]

1. d4 d5 2. Bg5 h6 3. Bh4 c6 4. e3 Qb6 5. Qc1 e5 6. Nf3 e4 7. Nfd2 Be7 (7...
Be6 $6 8. c4 Nd7 9. Nc3 Ne7 10. f3 $1 (10. Bg3 {[%cal Gc4d5,Gc6d5,Rc3b5]} a6
11. h4 Nf5 12. Bf4 h5 13. Qc2 Be7 14. g3 O-O 15. Be2 g6 16. O-O-O Rfc8 17. Kb1
$14 {[%cal Gg3g4] 1-0 Miladinovic,I-Rublevsky,S/Tivat 1995/EXP 48 (40)}) 10...
exf3 (10... f5 11. fxe4 fxe4 12. Be2 {[%cal Ge2h5]}) 11. gxf3 g5 12. Bf2 Bg7
13. Qc2 Rc8 {[%cal Gc6c5]} 14. c5 $1 Qd8 15. Bd3 b6 16. b4 f5 17. Nb3 O-O 18.
h4 Ng6 19. hxg5 hxg5 20. O-O-O $36 {1/2-1/2 Ovetchkin,R-Lastin,A/St Petersburg
RUS 1998 (64)}) (7... Ne7 8. c4 Nf5 9. Bg3 Nxg3 10. hxg3 Be6 11. Nc3 Nd7 12.
Qc2 Be7 13. Rb1 Nf6 14. b4 O-O 15. a3 h5 $11 {[%cal Gg7g6,Gg8g7] 1/2-1/2
Miladinovic,I-Degerman,L/Malmoe 1998 (49)}) 8. Bg3 Nf6 9. h3 $2 {[%mdl 8]
Superfluous move in this variation,which could cost for white a lot.There is
no idea for black to attack white's bishop on g3 with Nh5,black simply hasn't
time for this.On the other hand it's a very serious lose of tempo for white.} (
9. c4 O-O 10. Nc3 Be6 11. Be2 Qd8 12. O-O a6 {1/2-1/2 Knezevic,B-Horvath,I/
Budapest 1994/EXT 94 (12)}) 9... O-O 10. c4 (10. Be2) 10... c5 $1 {No wonder,
that black wants to punish white for their unaccurate play in the opening.} (
10... Be6 {was also good} 11. Be2 (11. Nc3 $6 Nh5 12. Bh2 f5 $36 {[%cal Gf5f4]}
) 11... Qd8 $11) 11. dxc5 Bxc5 (11... Qxc5 12. Nc3 Be6 13. cxd5 Bxd5 14. Nxd5
Qxd5 15. Bc4 Qd7 $11) 12. Nc3 {[%csl Rd5,Re4][%cal Gc3a4]} Bd7 $5 {[%cal Gd5d4]
} (12... d4 {was leading to equality,but black wants more...} 13. Na4 (13. exd4
$143 Bxd4 14. Nb3 Nc6 $15) 13... Qb4 14. Nxc5 dxe3 15. Ncb3 (15. fxe3 Qxc5 16.
Nb3 Qh5 $1 17. Be2 Qg6 $15) 15... exd2+ 16. Qxd2 Nc6 17. Be2 Bf5 18. Qxb4 (18.
O-O Qxd2 19. Nxd2 Nd4 20. Bd1 Rfd8 $15) 18... Nxb4 19. O-O Rfd8 $11 {[%cal
Gb4d3]}) 13. cxd5 (13. Nxd5 $2 Nxd5 14. cxd5 Bxe3 $17) 13... Bxe3 {[%mdl 512]}
14. fxe3 Qxe3+ 15. Ne2 Rc8 16. Qd1 $2 (16. Nc4 $143 $2 Qd3 17. Bxb8 $8 Raxb8 (
17... Rxc4 $2 18. Nc3 $18) 18. Nc3 Qg3+ 19. Kd1 {[%cal Gc1e3]} b5 20. Qe3 Qh4 {
[%cal Gf6g4]} 21. Nd6 (21. g3 Qh5+ 22. Be2 Bg4 $1 23. Nd2 $140 Rxc3 $1 24. bxc3
Nxd5 $19) 21... Ng4 22. Qe1 Nf2+ 23. Ke2 Rxc3 24. bxc3 e3 $40 {[%csl Rd6,Re2]
[%cal Gh4f4]}) (16. Qb1 $8 Na6 (16... Nxd5 $2 17. Qxe4) 17. Bf4 Qb6 18. Nc3 e3
19. Nc4 (19. Nb3 Nb4) 19... Rxc4 20. Bxc4 Qd4 21. O-O e2+ 22. Rf2 Qxc4 $44)
16... Na6 {[%cal Ga6b4,Gb4d3,Ga6c5,Gc5d3]} 17. Bf4 (17. Qb3 Nxd5 18. Qxe3 (18.
Qxd5 Nb4) 18... Nxe3 19. Nd4 Nb4 20. Rb1 Nf5 $1 21. Nxf5 Bxf5 $36 {[%cal Ge4e3]
}) (17. Nb3 Nb4 18. Bf4 Qb6 {leads to the game}) 17... Nb4 18. Nb3 {[%mdl 64]}
Qb6 (18... Nd3+ $2 19. Qxd3 Qxd3 20. Ned4 {[%csl Rd3]} Qxd4 21. Nxd4 Nxd5 22.
Bd6 $16) 19. Nc3 g5 20. a3 Nd3+ 21. Bxd3 exd3 22. Bd2 Rxc3 $5 ({Simple} 22...
Re8+ 23. Kf1 Re5 {[%cal Ge5f5] was also very strong.} 24. g4 $8 Nxd5 (24...
Rae8) 25. Rh2 Rae8 $17) 23. bxc3 (23. Bxc3 $2 Qe3+ 24. Kf1 d2 $1 $19 {[%cal
Gd7b5,Gf6e4]}) 23... Re8+ 24. Kf1 Re2 $2 (24... Ba4 $1 25. Qf3 (25. Rb1 Ne4 26.
Be1 d2 $19 {and black wins easily}) 25... Bxb3 26. Re1 (26. Qxd3 Re4 $19 {
[%cal Gb3c4]}) 26... Rxe1+ 27. Bxe1 (27. Kxe1 Bxd5 28. Qxd3 Bxg2 29. Be3 Qe6
30. Rh2 Bxh3 $19) 27... Bc4 28. Bd2 Qb1+ 29. Kf2 Qxh1 30. Qxf6 Qd1 $19) (24...
Ne4 25. Nd4 Ng3+ 26. Kg1 Ne2+ 27. Kf1 (27. Kf2 $2 Nxd4 28. cxd4 Re2+ $17) 27...
Ng3+ $11) 25. Nd4 Ne4 26. Be1 Qf6+ $2 {[%mdl 8192] In fact only this move is
losing, so nice game for black.Even here black have had good possibility to
continue intiative:} (26... Bb5 $1 {[%cal Gd3d2]} 27. Kg1 (27. Nxb5 $2 Qxb5 $19
{[%csl Rf1]}) 27... d2 28. Bxd2 Rxd2 29. Qe1 (29. Qf3 Nxc3 $1 30. Qxc3 Rxd4 $17
{[%csl Rg1]}) 29... Bd3 $5 {[%cal Gb6b2]} (29... Rxd4 $11) 30. Rd1 Re2 31. Qf1
Nd2 32. Qxe2 Bxe2 33. Rxd2 Bc4 $15) 27. Kg1 Nf2 28. Qxe2 (28. Qb3 Nxh1 29. Nxe2
dxe2 30. Kxh1 $18) 28... dxe2 29. Bxf2 $18 {[%mdl 1024]} Qe5 30. Re1 (30. c4
Bf5 31. Re1 Bd3 32. Nf3 $18) 30... f5 31. c4 Qc7 32. Rxe2 Qxc4 33. Kh2 Qxd5 34.
Rc1 f4 35. Kg1 h5 36. Nf3 g4 37. Rd2 Qb5 38. hxg4 hxg4 39. Ne5 Bf5 40. Rd8+ Kh7
41. Rc7+ Kh6 42. Rh8+ 1-0

[Event "Krynica zt"]
[Site "Krynica"]
[Date "1998.09.04"]
[Round "3"]
[White "Stefanova, Antoaneta"]
[Black "Ftacnik, Lubomir"]
[Result "1/2-1/2"]
[WhiteElo "2475"]
[BlackElo "2585"]
[Annotator "Avrukh,B"]
[PlyCount "94"]
[EventDate "1998.09.02"]
[EventType "swiss"]
[EventRounds "9"]
[EventCountry "POL"]
[SourceTitle "CBM 067"]
[Source "ChessBase"]
[SourceDate "1998.11.30"]
[SourceVersion "2"]
[SourceVersionDate "1998.11.01"]
[SourceQuality "1"]

1. d4 Nf6 2. Nf3 g6 3. Nc3 d5 4. Bf4 Bg7 5. e3 O-O 6. Be2 c5 7. dxc5 Qa5 8. Nd2
Qxc5 9. Nb3 Qb6 10. Be5 Nbd7 (10... Be6 11. Nb5 Qd8 12. N3d4 Nbd7 13. Bc7 (13.
Nxe6 fxe6 {[%cal Gd8a5]}) 13... Qc8 14. Bf4 Bf5 15. O-O a6 16. Nc3 Nc5 (16...
e5 17. Nxf5 gxf5 18. Bg5 Qc6 $13) 17. Be5 Rd8 18. b4 Nce4 19. Na4 Nc3 20. Nxc3
Qxc3 $11 {1/2-1/2 Stefanova,A-Baburin,A/Hawai 1997/EXT 97 (41)}) (10... Qd8 $5
11. Bf3 e6 12. Nb5 a6 (12... Nc6 $2 13. Bc7 Qe8 (13... Qd7 14. Nc5) 14. Bd6 $18
) 13. Nc7 Nc6 14. Bxf6 Qxc7 15. Bxg7 Kxg7 $11 {0-1 Salo,H-Manninen,M/FIN-ch
1993/EXT 97 (39)}) 11. Nxd5 Nxd5 12. Bxg7 Nxe3 13. fxe3 Kxg7 14. Qd4+ e5 $146 (
14... Nf6 15. Qxb6 axb6 {[%csl Rb6,Rb7]} 16. Bf3 e5 17. Nd2 {[%cal Gd2c4]} Bf5
(17... b5 $142) 18. c3 Rfd8 19. Bxb7 Ra7 20. Bf3 $16 {1-0 Thesing,M-Hermesmann,
H/BL8788 1988/BL 80 (51)}) (14... Qxd4 $2 15. exd4 Nf6 16. Bf3 $16) 15. Qc3 (
15. Qxb6 Nxb6 16. O-O-O Bf5 $1 $11 {[%cal Ga8c8]}) 15... Nf6 16. Qxe5 Re8 17.
Qd4 Rxe3 $6 (17... Qxd4 18. Nxd4 (18. exd4 $2 Bg4 19. Nc1 Rxe2+ 20. Nxe2 Re8
$19) 18... Rxe3 19. Kf2 Re4 20. Rad1 Bg4 $11 (20... Ng4+ 21. Bxg4 Bxg4 22. Rhe1
Rae8 23. Rxe4 Rxe4 24. Rd2 Kf6 $11)) 18. Qxb6 axb6 {[%csl Rb6,Rb7]} 19. Kf2 Re7
(19... Re5 20. Rhe1 $14) 20. Rhe1 {[%cal Ge2f3]} Ra4 (20... Ne4+ 21. Kg1 {
[%cal Ge2f3]}) 21. a3 (21. Bf3 Rxe1 22. Kxe1 Ng4 $1 {[%cal Gg4e5]} 23. Bxg4
Bxg4 {[%cal Ga4e4,Ge4e2]} 24. Kd2 Be6 $1 $11) 21... h5 (21... Bf5 22. c3 $14 {
[%cal Gb3d4]}) (21... Be6 22. Rad1 {[%cal Gb3d4]}) 22. Bf3 Rc7 23. c3 Bg4 24.
Nd4 Bxf3 25. gxf3 {[%cal Ge1e5,Ge5b5]} Ra5 26. Re6 $6 (26. Re2 $14 {[%cal
Ga1e1]}) 26... fxe6 27. Nxe6+ Kf7 28. Nxc7 Rc5 29. Na8 b5 $2 {[%cal Gc5c8,
Gc8c6]} (29... Rc8 30. Nxb6 Rc6 31. Na8 (31. Na4 b5 $19) 31... Rc8 $11) 30. a4
$2 (30. Rd1 Rd5 (30... Nd5 31. Rd4 {[%cal Ga3a4]}) 31. Re1 $1 Rd2+ 32. Re2
Rxe2+ 33. Kxe2 Nd5 34. Kd3 $16) 30... b4 $1 31. cxb4 (31. Rc1 Nd5 (31... Ra5
$143 32. Nb6 Ra6 33. a5 $1 Rxa5 34. cxb4 Rb5 35. Rc7+ Ke6 36. Rxb7 Rxb4 (36...
Nd5 37. Nd7 $16) 37. Nd7 Rxb7 38. Nc5+ Kd5 39. Nxb7 Kc4 40. h4 $1 $16 {[%csl
Rg6,Rh5]}) 32. c4 Nf4 33. Rc2 (33. Ke3 g5 {[%cal Gc5e5,Ge5e2]}) 33... Rc6 $1
$44 {[%csl Ra8][%cal Gc6a6,Gf4d3,Gd3c5]}) 31... Rc2+ 32. Kg3 (32. Kg1 Nd5 (
32... Nd7 $5 {[%cal Gd7e5]}) 33. Rd1 Ke6 $44) 32... g5 {[%csl Rg3]} (32... Rxb2
33. b5) 33. h4 (33. Nb6 Rxb2 34. b5 h4+ 35. Kh3 Kg6 $1 36. Rc1 (36. Rd1 Rb3 $1
(36... Nh5 37. Nd5 Kf5 {and black's activity must be enough for the draw.}) 37.
Rf1 Ra3 {[%csl Ga4]} 38. Kg2 Nh5 $11) 36... Nh5 37. Nd5 Rd2 38. Ne7+ Kf6 39.
Kg4 Nf4 40. Ng8+ Kg6 41. Ne7+ $11) (33. Rd1 Rxb2 34. Rd4 h4+ 35. Kh3 Rb3 36.
Kg2 Rb2+ $11) 33... gxh4+ 34. Kxh4 Rc4+ $1 {the most accurate.} 35. Kg5 Rxb4
36. f4 Rxb2 37. Rc1 $11 Nd5 38. Rc5 Rg2+ 39. Kf5 Ne7+ 40. Ke4 Ra2 41. Nb6 Rb2
42. a5 Rb4+ 43. Kf3 Kg6 44. Nd7 Rb3+ 45. Ke4 Rb4+ 46. Kf3 Rb3+ 47. Ke4 Rb4+
1/2-1/2